Turismo: informe anual 2008

Guardado en:
Detalles Bibliográficos
Autores Corporativos: INE (Autor), Instituto Nacional de Estadísticas (Autor)
Formato: Libro
Lenguaje:español
Publicado: Santiago INE 2009
Materias:
Etiquetas: Agregar Etiqueta
Sin Etiquetas, Sea el primero en etiquetar este registro!

MARC

LEADER 00000nam a2200000 a 4500
001 UCH8948
003 CL-VaPUC
008 091217e20090000CL |||||||||||||||||spa|d
020 |a 9789563230475 
082 0 4 |a 380.1  |b INE  |2 21 
110 2 |a INE  |e author  |9 545722 
710 2 |a Instituto Nacional de Estadísticas  |e author  |9 545723 
245 1 0 |a Turismo: informe anual 2008 
300 |a 101 p 
942 |c BK 
945 |d 20091217 00:00:00  |a rbrito 
260 |a Santiago  |b INE  |c 2009 
650 0 |a Turismo  |9 308920 
650 7 |a ESTADISTICA DE TURISMO  |2 CL-VaPUC  |9 527897 
651 7 |a CHILE  |2 CL-VaPUC  |9 545724 
583 |a last modification  |c 20091217 00:00:00  |k Rodrigo Vera 
999 |c 339029  |d 339027